Carregando...

Vishva Hindu parishad and Indian politics /

Detalhes bibliográficos
Autor principal: Katju, Manjari
Idioma:Undetermined
Publicado em: Hyderabad : Oreient Longman , 2003.
Assuntos:
LEADER 00591nam a2200181Ia 4500
001 136201
008 170722s9999 xx 000 0 und d
020 |a 812502476x 
100 |a Katju, Manjari 
245 |a Vishva Hindu parishad and Indian politics / 
260 |a Hyderabad :  |b Oreient Longman ,  |c 2003. 
300 |a viii+186 
653 |a Indian History 
653 |a Party Politics 
923 |d 20031011  |n 7972-7975 
942 |c GEN 
999 |c 127291  |d 127291 
952 |0 0  |1 0  |4 0  |6 V_24N66_P3  |7 0  |8 LC1  |9 180047  |a LIB  |b LIB  |d 2013-03-25  |e D C Books  |h LC1  |o V2,4N66 P3  |p 250730  |r 2017-08-12  |v 350.00  |w 2017-08-12  |y GEN